[Event "Lloyds Bank Masters 14th"]
[Site "London"]
[Date "1990.08.27"]
[Round "10"]
[White "McLaren, Leonard"]
[Black "Suetin, Alexey S"]
[Result "0-1"]
[WhiteElo "2205"]
[BlackElo "2360"]
[PlyCount "58"]
[EventDate "1990.08.18"]
[EventType "swiss"]
[EventRounds "10"]
[EventCountry "ENG"]
[SourceTitle "BritBase"]
[Source "John Saunders"]
[SourceDate "2023.05.21"]
[SourceVersion "1"]
[SourceVersionDate "2023.05.21"]
[SourceQuality "1"]

1. e4 c5 2. Nc3 g6 3. g3 Bg7 4. Bg2 Nc6 5. d3 d6 6. Be3 Rb8 7. f4 Nd4 8. Qd2 e6
9. Nd1 Ne7 10. c3 Ndc6 11. Nf3 b6 12. O-O d5 13. e5 O-O 14. d4 Ba6 15. Re1 cxd4
16. cxd4 Qd7 17. g4 Rbc8 18. Bh3 Rc7 19. Kh1 Na5 20. b3 Rfc8 21. Qf2 Bd3 22.
Qh4 Be4 23. Bg2 Nac6 24. Rg1 Nb4 25. f5 exf5 26. Bh6 fxg4 27. Ne3 gxf3 28. Bxg7
fxg2+ 29. Rxg2 Rc1+ 0-1

[Event "Lloyds Bank Masters 14th"]
[Site "London"]
[Date "1990.08.27"]
[Round "10"]
[White "Ofek, Ram"]
[Black "Hebden, Mark"]
[Result "0-1"]
[WhiteElo "2290"]
[BlackElo "2520"]
[PlyCount "70"]
[EventDate "1990.08.18"]
[EventType "swiss"]
[EventRounds "10"]
[EventCountry "ENG"]
[SourceTitle "BritBase"]
[Source "John Saunders"]
[SourceDate "2023.05.21"]
[SourceVersion "1"]
[SourceVersionDate "2023.05.21"]
[SourceQuality "1"]

1. e4 e5 2. Nf3 Nc6 3. Bc4 Nf6 4. d3 Be7 5. Bb3 O-O 6. O-O d6 7. c3 Nd7 8. Bc2
Bf6 9. Nbd2 Nb6 10. Re1 g6 11. Nf1 Bg7 12. Bg5 Qe8 13. Ne3 f5 14. Nd5 Nxd5 15.
exd5 Nb8 16. Bc1 c5 17. d4 cxd4 18. Nxd4 Na6 19. f4 Qd8 20. fxe5 dxe5 21. Nf3
e4 22. Nd2 b6 23. Kh1 Bb7 24. c4 b5 25. cxb5 Nb4 26. a3 Nxc2 27. Qxc2 Rc8 28.
Qa4 Qxd5 29. Qxa7 Rc2 30. Qe3 f4 31. Qxe4 Qxe4 32. Nxe4 Re8 33. Nf6+ Bxf6 34.
Rxe8+ Kf7 35. Re1 Rxg2 0-1

[Event "Lloyds Bank Masters 14th"]
[Site "London"]
[Date "1990.08.27"]
[Round "10"]
[White "Puri, Vinny"]
[Black "Yeo, Michael J"]
[Result "1/2-1/2"]
[WhiteElo "2255"]
[BlackElo "2230"]
[PlyCount "50"]
[EventDate "1990.08.18"]
[EventType "swiss"]
[EventRounds "10"]
[EventCountry "ENG"]
[SourceTitle "BritBase"]
[Source "John Saunders"]
[SourceDate "2023.05.21"]
[SourceVersion "1"]
[SourceVersionDate "2023.05.21"]
[SourceQuality "1"]

1. d4 d5 2. c4 Nc6 3. Nc3 dxc4 4. Nf3 Nf6 5. e3 e5 6. Nxe5 Nxe5 7. dxe5 Qxd1+
8. Nxd1 Bb4+ 9. Bd2 Bxd2+ 10. Kxd2 Ne4+ 11. Ke1 Be6 12. Rc1 O-O-O 13. f3 Nc5
14. Bxc4 Bxc4 15. Rxc4 Nd3+ 16. Ke2 Nxe5 17. Rc2 Rhe8 18. Nf2 Nc6 19. Rc3 Nd4+
20. Kf1 Nb5 21. Rb3 a6 22. a4 Nd6 23. Ke2 Nf5 24. Ne4 Re5 25. Rc1 Nd6 1/2-1/2

[Event "Lloyds Bank Masters 14th"]
[Site "London"]
[Date "1990.08.27"]
[Round "10"]
[White "Rogers, Ian"]
[Black "Martin, Andrew D"]
[Result "0-1"]
[WhiteElo "2535"]
[BlackElo "2415"]
[PlyCount "92"]
[EventDate "1990.08.18"]
[EventType "swiss"]
[EventRounds "10"]
[EventCountry "ENG"]
[SourceTitle "BritBase"]
[Source "John Saunders"]
[SourceDate "2023.05.21"]
[SourceVersion "1"]
[SourceVersionDate "2023.05.21"]
[SourceQuality "1"]

1. Nf3 d6 2. c4 e5 3. Nc3 Nd7 4. d4 Ngf6 5. e4 Be7 6. Be2 O-O 7. O-O c6 8. Qc2
Re8 9. Re1 a6 10. h3 b5 11. a3 Bb7 12. Bf1 exd4 13. Nxd4 Bf8 14. Bg5 Qb8 15.
Rad1 h6 16. Bh4 Qa7 17. Nf5 Re6 18. b4 g6 19. Nd4 Ree8 20. Nb3 Rac8 21. Na5 Ba8
22. Qb3 Re6 23. Bd3 Rce8 24. Kf1 Bg7 25. f3 Nh5 26. Ne2 Ne5 27. Bb1 bxc4 28.
Nxc4 Nxc4 29. Qxc4 d5 30. Qc5 Qb8 31. Nd4 Bxd4 32. Qxd4 c5 33. bxc5 dxe4 34.
fxe4 g5 35. Bf2 Qh2 36. Bg1 Qh1 37. Re3 Rf6+ 38. Ke2 Qxg2+ 39. Kd3 Rf1 40. Ree1
Nf4+ 41. Kc4 Rxe1 42. Rxe1 Bd5+ 43. Kb4 Rb8+ 44. Ka5 Qxh3 45. exd5 Qxa3+ 46.
Qa4 Rb5+ 0-1

[Event "Lloyds Bank Masters 14th"]
[Site "London"]
[Date "1990.08.27"]
[Round "10"]
[White "Timoshchenko, Gennadi A"]
[Black "Suba, Mihai"]
[Result "1/2-1/2"]
[WhiteElo "2495"]
[BlackElo "2520"]
[PlyCount "85"]
[EventDate "1990.08.18"]
[EventType "swiss"]
[EventRounds "10"]
[EventCountry "ENG"]
[SourceTitle "BritBase"]
[Source "John Saunders"]
[SourceDate "2023.05.21"]
[SourceVersion "1"]
[SourceVersionDate "2023.05.21"]
[SourceQuality "1"]

1. d4 Nf6 2. c4 e6 3. Nf3 c5 4. d5 d6 5. Nc3 exd5 6. cxd5 g6 7. Nd2 Bg7 8. e4
O-O 9. Be2 Na6 10. O-O Nc7 11. a4 b6 12. Re1 Kh8 13. Rb1 Nfe8 14. Nc4 f5 15.
Bf3 Ba6 16. Qb3 Rb8 17. exf5 Rxf5 18. Be4 Rf8 19. Be3 Nf6 20. Bf3 Qd7 21. h3 b5
22. axb5 Nxb5 23. Nxb5 Bxb5 24. Bd2 Ne8 25. Bc3 Nc7 26. Re3 Ba6 27. Qa2 Bxc3
28. Rxc3 Bxc4 29. Rxc4 Nb5 30. b4 Qf5 31. Be4 Qf6 32. Qa1 Nd4 33. f3 Rxb4 34.
Rcxb4 cxb4 35. Qxa7 Ne2+ 36. Kf2 Ng3 37. Rxb4 Qh4 38. Qa1+ Kg8 39. Kg1 Ne2+ 40.
Kf1 Ng3+ 41. Kg1 Ne2+ 42. Kf1 Ng3+ 43. Kg1 1/2-1/2

[Event "Lloyds Bank Masters 14th"]
[Site "London"]
[Date "1990.08.27"]
[Round "10"]
[White "Velickovic, Sasa"]
[Black "Sadler, Matthew D"]
[Result "1-0"]
[WhiteElo "2415"]
[BlackElo "2470"]
[PlyCount "91"]
[EventDate "1990.08.18"]
[EventType "swiss"]
[EventRounds "10"]
[EventCountry "ENG"]
[SourceTitle "BritBase"]
[Source "John Saunders"]
[SourceDate "2023.05.21"]
[SourceVersion "1"]
[SourceVersionDate "2023.05.21"]
[SourceQuality "1"]

1. e4 c5 2. b3 d6 3. Bb2 Nf6 4. Nc3 Nc6 5. f4 e6 6. Nf3 Be7 7. g3 O-O 8. Bg2
Rb8 9. Qe2 Nd4 10. Qd3 Nxf3+ 11. Bxf3 Nd7 12. O-O a6 13. a4 Qc7 14. Kg2 b6 15.
h4 Bb7 16. Qe2 Bf6 17. Rae1 Bd4 18. Kh2 Nf6 19. Bg2 Rfd8 20. g4 Qe7 21. g5 Nd7
22. Bc1 g6 23. Bb2 b5 24. axb5 axb5 25. Nd1 Rdc8 26. c3 Bg7 27. Ne3 h5 28. Kh1
c4 29. bxc4 bxc4 30. Ba3 Nc5 31. Bxc5 Rxc5 32. f5 Be5 33. Rb1 Qc7 34. Rb4 Ba6
35. Rxb8+ Qxb8 36. Qf3 Rc7 37. Kg1 Qe8 38. Qf2 Bb7 39. Rb1 Ba8 40. Rb4 exf5 41.
exf5 Bxg2 42. Kxg2 Qa8+ 43. Qf3 Qa2 44. Rb8+ Kh7 45. fxg6+ fxg6 46. Qf8 1-0

[Event "Lloyds Bank Masters 14th"]
[Site "London"]
[Date "1990.08.27"]
[Round "10"]
[White "Houston, David"]
[Black "Chin, Francis"]
[Result "1/2-1/2"]
[WhiteElo "2225"]
[BlackElo "2310"]
[PlyCount "94"]
[EventDate "1990.08.18"]
[EventType "swiss"]
[EventRounds "10"]
[EventCountry "ENG"]
[SourceTitle "BritBase"]
[Source "John Saunders"]
[SourceDate "2023.05.21"]
[SourceVersion "1"]
[SourceVersionDate "2023.05.21"]
[SourceQuality "1"]

1. e4 e6 2. d4 d5 3. Nd2 c5 4. Ngf3 Nc6 5. Bb5 cxd4 6. Nxd4 Bd7 7. Nxc6 Bxc6 8.
Qe2 Nf6 9. e5 Nd7 10. O-O Nxe5 11. a4 Qc7 12. f4 a6 13. Qxe5 Qb6+ 14. Kh1 axb5
15. a5 Qc5 16. c3 Qd6 17. Qe2 Be7 18. Nb3 O-O 19. Be3 Rfe8 20. Bd4 Qd8 21. Bb6
Qd7 22. Nc5 Bxc5 23. Bxc5 f6 24. b4 e5 25. fxe5 Rxe5 26. Qf2 Qg4 27. Rae1 Rae8
28. h3 Qh5 29. Bd4 Re2 30. Rxe2 Qxe2 31. Qxe2 Rxe2 32. Rf3 Kf7 33. Re3 Rxe3 34.
Bxe3 Ke6 35. Kg1 Kf5 36. Kf2 g5 37. g4+ Ke6 38. Kg3 Be8 39. h4 h6 40. hxg5 hxg5
41. Bd4 Bg6 42. Bb6 Bc2 43. Bd4 Bd1 44. Kh3 f5 45. gxf5+ Kxf5 46. Kg3 Ke4 47.
Bh8 Kd3 {Source: David Houston via David McAlister. Contributed, 22 July 2021}
1/2-1/2

[Event "Lloyds Bank Masters 14th"]
[Site "London"]
[Date "1990.08.27"]
[Round "10"]
[White "Chandler, Murray G"]
[Black "Luce, Sebastien"]
[Result "1-0"]
[WhiteElo "2585"]
[BlackElo "2395"]
[PlyCount "101"]
[EventDate "1990.08.18"]
[EventType "swiss"]
[EventRounds "10"]
[EventCountry "ENG"]
[SourceTitle "BritBase"]
[Source "John Saunders"]
[SourceDate "2023.05.21"]
[SourceVersion "1"]
[SourceVersionDate "2023.05.21"]
[SourceQuality "1"]

1. e4 e6 2. d4 d5 3. Nc3 Bb4 4. e5 Qd7 5. a3 Bxc3+ 6. bxc3 b6 7. Nh3 Ba6 8.
Bxa6 Nxa6 9. Nf4 O-O-O 10. a4 Ne7 11. Qe2 Nb8 12. a5 Nec6 13. axb6 cxb6 14. Ba3
Na5 15. O-O Nc4 16. Nd3 Nc6 17. Rfb1 Qc7 18. Qg4 Rhg8 19. h3 Qd7 20. Qh5 h6 21.
Bd6 f5 22. Bb4 g5 23. Rd1 Rg7 24. Kh2 Rdg8 25. Qe2 Qf7 26. Ba3 f4 27. Bc1 Rf8
28. Ra4 N6a5 29. Ra1 Qg6 30. Ba3 Rff7 31. Bc1 h5 32. Rg1 Rf8 33. h4 Rgf7 34.
hxg5 Qxg5 35. g3 fxg3+ 36. fxg3 Qf5 37. Bh6 Rg8 38. Rgf1 Qg6 39. Rxf7 Qxf7 40.
Rf1 Qg6 41. Bf4 Nc6 42. Rh1 Rg7 43. Kg2 Rh7 44. Bc1 h4 45. g4 Ne7 46. Kh3 Nf5
47. Rf1 Ng3 48. Rf8+ Kb7 49. Qf3 a5 50. Qf6 Qe4 51. Nf2 1-0

[Event "Lloyds Bank Masters 14th"]
[Site "London"]
[Date "1990.08.??"]
[Round "?"]
[White "Cullip, Stephen"]
[Black "Pritchett, Craig William"]
[Result "1-0"]
[WhiteElo "2270"]
[BlackElo "2355"]
[PlyCount "141"]
[EventDate "1990.08.18"]
[EventType "swiss"]
[EventRounds "10"]
[EventCountry "ENG"]
[SourceTitle "BritBase"]
[Source "John Saunders"]
[SourceDate "2023.05.21"]
[SourceVersion "1"]
[SourceVersionDate "2023.05.21"]
[SourceQuality "1"]

1. e4 c5 2. Nf3 e6 3. d4 cxd4 4. Nxd4 a6 5. Bd3 Nf6 6. O-O Qc7 7. Qe2 d6 8. c4
g6 9. b3 Bg7 10. Bb2 O-O 11. Nd2 Nbd7 12. Kh1 b6 13. Rae1 Bb7 14. Qd1 Nc5 15.
Bc2 e5 16. N4f3 b5 17. Qb1 b4 18. Rd1 Qb6 19. Kg1 Ne6 20. h3 Nf4 21. Rfe1 Bc8
22. Nf1 Bxh3 23. Rxd6 Qxd6 24. Bxe5 Qe7 25. Bxf4 Bg4 26. N1h2 Bxf3 27. Nxf3 Ng4
28. Rd1 Ne5 29. Bxe5 Bxe5 30. Rd5 Bc3 31. Qc1 Rad8 32. Qf4 Rfe8 33. g3 f6 34.
Kg2 Kg7 35. Bd3 Rd7 36. Qe3 Rxd5 37. cxd5 a5 38. Qb6 Qd8 39. Qb5 Re7 40. Ng1
Be5 41. Ne2 h5 42. f4 Bb2 43. Qc5 Qc7 44. Qe3 Ba1 45. Bc4 Qa7 46. Qd3 Qc5 47.
Bb5 Rb7 48. Bc4 Re7 49. Bb5 Qd6 50. Bc4 g5 51. Qf3 g4 52. Qd3 Qc5 53. Bb5 Rb7
54. Be8 Bc3 55. Bxh5 f5 56. exf5 Kf6 57. Bxg4 Qb5 58. Qxb5 Rxb5 59. Bf3 Bb2 60.
g4 a4 61. Be4 axb3 62. axb3 Ke7 63. g5 Ra5 64. Kf3 Kd6 65. f6 Ra3 66. Bc2 Kxd5
67. Kg4 Ke6 68. Bd3 Ra5 69. Bc4+ Kd7 70. Ng3 Rc5 71. Ne4 1-0

[Event "Lloyds Bank Masters 14th"]
[Site "London"]
[Date "1990.08.??"]
[Round "?"]
[White "Meister, Peter"]
[Black "Madl, Ildiko"]
[Result "1-0"]
[WhiteElo "2445"]
[BlackElo "2375"]
[PlyCount "45"]
[EventDate "1990.08.18"]
[EventType "swiss"]
[EventRounds "10"]
[EventCountry "ENG"]
[SourceTitle "BritBase"]
[Source "John Saunders"]
[SourceDate "2023.05.21"]
[SourceVersion "1"]
[SourceVersionDate "2023.05.21"]
[SourceQuality "1"]

1. d4 Nf6 2. c4 e6 3. Nf3 c5 4. d5 exd5 5. cxd5 d6 6. Nc3 g6 7. Nd2 Bg7 8. e4
O-O 9. Be2 Ne8 10. Nc4 f5 11. Bf4 a6 12. a4 fxe4 13. Qd2 e3 14. fxe3 Bf5 15.
O-O b6 16. g4 Bc8 17. Ne4 Nf6 18. Ncxd6 Nxg4 19. Bg5 Qc7 20. Rxf8+ Bxf8 21.
Bxg4 Bxg4 22. Nf6+ Kh8 23. Nfe8 1-0